[Event "Rated Blitz game"]
[Site "?"]
[Date "2021.03.22"]
[Round "?"]
[White "Perkovic_71"]
[Black "lavilaine"]
[Result "1/2-1/2"]
[WhiteElo "2431"]
[BlackElo "2335"]
[PlyCount "85"]
[EventDate "2021.??.??"]
[EventType "blitz"]

1. e4 e5 2. Nf3 d5 3. exd5 e4 4. Qe2 f5 5. d3 Nf6 6. dxe4 fxe4 7. c4 Bb4+ 8.
Nc3 O-O 9. a3 exf3 10. gxf3 Bxc3+ 11. bxc3 Re8 12. Be3 Bf5 13. O-O-O Qd6 14. c5
Qe5 15. Qc4 Na6 16. h4 Rad8 17. Bf4 Qe7 18. d6+ Qe6 19. Qxe6+ Bxe6 20. Bxa6
bxa6 21. dxc7 Rxd1+ 22. Rxd1 Nd5 23. Be5 Rc8 24. f4 Nxc7 25. Rd6 Kf7 26. Kc2
Nb5 27. Rxa6 Rxc5 28. Kb2 h6 29. a4 Bc8 30. Ra5 a6 31. axb5 Rxb5+ 32. Rxb5 axb5
33. Kb3 Be6+ 34. Kb4 Bc4 35. Kc5 g6 36. Kd6 h5 37. Bd4 Bd3 38. Ke5 Bf5 39. Kd5
Bd3 40. Kd6 Bf5 41. Be5 Bd3 42. Bd4 Bc4 43. Be5 {Normal} 1/2-1/2

[Event "Rated Blitz game"]
[Site "?"]
[Date "2021.03.22"]
[Round "?"]
[White "massa_tom"]
[Black "RoadToFM-L"]
[Result "0-1"]
[WhiteElo "2225"]
[BlackElo "2432"]
[PlyCount "70"]
[EventDate "2021.??.??"]
[EventType "blitz"]

1. e4 e5 2. Nf3 d5 3. exd5 e4 4. Qe2 Nf6 5. d3 Bb4+ 6. c3 O-O 7. dxe4 Bd6 8.
Bg5 Re8 9. Nbd2 h6 10. Bxf6 Qxf6 11. O-O-O c6 12. Qd3 a5 13. e5 Bxe5 14. Nxe5
Rxe5 15. dxc6 Nxc6 16. Nf3 Bf5 17. Qc4 b5 18. Qh4 Qe6 19. Nxe5 Nxe5 20. Rd8+
Rxd8 21. Qxd8+ Kh7 22. Qxa5 Qd5 23. Qxb5 Qe4 24. Qb3 Qf4+ 25. Kd1 Qxf2 26. Be2
Nd3 27. Bxd3 Bxd3 28. Re1 Qxg2 29. c4 Qg4+ 30. Kc1 Bxc4 31. Qc3 Qf4+ 32. Qd2
Qc7 33. Qc2+ g6 34. b3 Qf4+ 35. Kb2 Qf6+ {Time forfeit} 0-1

[Event "Rated Blitz tournament QD06quIK"]
[Site "?"]
[Date "2021.03.22"]
[Round "?"]
[White "Jay_malik"]
[Black "daelovaaa"]
[Result "0-1"]
[WhiteElo "2276"]
[BlackElo "2492"]
[PlyCount "96"]
[EventDate "2021.??.??"]
[EventType "blitz"]

1. e4 e5 2. Nf3 d5 3. Nc3 dxe4 4. Nxe5 Nf6 5. Bc4 Be6 6. Bxe6 fxe6 7. Nxe4 Nxe4
8. Qh5+ g6 9. Nxg6 Nf6 10. Qh3 hxg6 11. Qxh8 Nbd7 12. O-O Qe7 13. Re1 O-O-O 14.
Qh3 e5 15. d4 e4 16. Bg5 Kb8 17. f3 Qd6 18. fxe4 Qxd4+ 19. Kh1 Qe5 20. Qh4 Bd6
21. Rad1 a6 22. g3 Re8 23. Bf4 Qb5 24. Bxd6 cxd6 25. Rxd6 Nxe4 26. Rdd1 g5 27.
Qh5 Ndf6 28. Qf3 Qxb2 29. Re2 g4 30. Qf4+ Ka7 31. Kg2 Qxa2 32. Rde1 Qc4 33.
Qe3+ Ka8 34. Qb6 Qc6 35. Qxc6 bxc6 36. h4 Kb7 37. Rb1+ Kc7 38. Ra1 Kb6 39. Ra3
a5 40. Rae3 Kb5 41. h5 a4 42. h6 c5 43. h7 Rh8 44. Rxe4 Nxe4 45. Rxe4 Rxh7 46.
Rxg4 a3 47. Rg6 a2 48. Rg7 Rxg7 {Normal} 0-1

[Event "Rated Blitz tournament QD06quIK"]
[Site "?"]
[Date "2021.03.22"]
[Round "?"]
[White "Jay_malik"]
[Black "daelovaaa"]
[Result "0-1"]
[WhiteElo "2273"]
[BlackElo "2477"]
[PlyCount "42"]
[EventDate "2021.??.??"]
[EventType "blitz"]

1. e4 e5 2. Nf3 d5 3. Nc3 dxe4 4. Nxe5 Nd7 5. Nxf7 Kxf7 6. Qh5+ g6 7. Qd5+ Kg7
8. Bc4 Qe7 9. O-O Ngf6 10. Qb5 Qc5 11. Qb3 Nb6 12. Be2 a5 13. a4 Bd6 14. d4
Qxd4 15. Be3 Qe5 16. g3 Bh3 17. Rfd1 Rhf8 18. Nb5 Bc5 19. Bf4 Qf5 20. Nxc7 Rac8
21. Ne6+ Qxe6 {Normal} 0-1

[Event "Rated Blitz game"]
[Site "?"]
[Date "2021.03.22"]
[Round "?"]
[White "lionking15"]
[Black "Jomajo"]
[Result "0-1"]
[WhiteElo "2491"]
[BlackElo "2628"]
[PlyCount "54"]
[EventDate "2021.??.??"]
[EventType "blitz"]

1. e4 e5 2. Nf3 d5 3. d4 dxe4 4. Nxe5 Bd6 5. Nc4 Nf6 6. Ne3 O-O 7. c4 Nc6 8.
Nc3 Re8 9. d5 Ne5 10. h3 a6 11. Bd2 Bd7 12. Qc2 Ng6 13. O-O-O b5 14. Kb1 Rb8
15. g4 bxc4 16. Bxc4 Ne5 17. Bxa6 Rb6 18. Be2 Qa8 19. Nc4 Nxc4 20. Bxc4 Reb8
21. Bb3 Be5 22. Nxe4 Ba4 23. Nc5 Bxb3 24. Nxb3 Nxd5 25. Rhe1 Bd6 26. Be3 Nb4
27. Bxb6 Qxa2+ {Normal} 0-1

[Event "Rated Blitz game"]
[Site "?"]
[Date "2021.03.22"]
[Round "?"]
[White "Chessibague"]
[Black "Jomajo"]
[Result "1-0"]
[WhiteElo "2508"]
[BlackElo "2630"]
[PlyCount "61"]
[EventDate "2021.??.??"]
[EventType "blitz"]

1. e4 e5 2. Nf3 d5 3. Nxe5 Bd6 4. d4 dxe4 5. Qh5 Qe7 6. Nc4 Nf6 7. Qh4 Nc6 8.
c3 Qe6 9. Bg5 Be7 10. Nbd2 h6 11. Ne3 O-O 12. Bxf6 Bxf6 13. Qg3 Bxd4 14. cxd4
Nxd4 15. Bc4 Qb6 16. O-O Qxb2 17. Nxe4 Be6 18. Rab1 Qa3 19. Rfe1 Bxc4 20. Nxc4
Qxa2 21. Nf6+ Kh8 22. Qd3 gxf6 23. Qxd4 Kg7 24. Ra1 Qc2 25. Ne3 Qg6 26. Rxa7
Rab8 27. g4 h5 28. h3 Rfd8 29. Qf4 c5 30. Nf5+ Kf8 31. Re7 {Normal} 1-0

[Event "Rated Blitz game"]
[Site "?"]
[Date "2021.03.22"]
[Round "?"]
[White "Spaine"]
[Black "jsequera"]
[Result "1-0"]
[WhiteElo "2518"]
[BlackElo "2395"]
[PlyCount "63"]
[EventDate "2021.??.??"]
[EventType "blitz"]

1. e4 e5 2. Nf3 d5 3. exd5 e4 4. Ne5 Qxd5 5. d4 exd3 6. Nxd3 Bd6 7. Nc3 Qf5 8.
Be3 Nf6 9. h3 O-O 10. g4 Qe6 11. Bg2 Nc6 12. Qd2 Bd7 13. O-O-O Rad8 14. g5 Ne8
15. Bd5 Qf5 16. Be4 Qa5 17. Kb1 Bf5 18. h4 Bxe4 19. Nxe4 Bb4 20. Qe2 Nd6 21.
Nxd6 Rxd6 22. h5 Rfd8 23. g6 fxg6 24. a3 Bxa3 25. bxa3 Qxa3 26. Bc1 Qa4 27. Bb2
Nd4 28. Bxd4 Qxd4 29. Nb2 Qb4 30. Rxd6 Qxd6 31. Qc4+ Kh8 32. Qe4 {Time forfeit}
1-0

[Event "Rated Blitz game"]
[Site "?"]
[Date "2021.03.22"]
[Round "?"]
[White "Chessibague"]
[Black "Jomajo"]
[Result "1-0"]
[WhiteElo "2524"]
[BlackElo "2615"]
[PlyCount "79"]
[EventDate "2021.??.??"]
[EventType "blitz"]

1. e4 e5 2. Nf3 d5 3. Nxe5 Bd6 4. d4 dxe4 5. Qh5 Qe7 6. Nc4 Nc6 7. Be3 Nb4 8.
Nba3 a6 9. Be2 g6 10. Qg5 f6 11. Qh4 Nd5 12. Nxd6+ cxd6 13. Nc4 b5 14. Qxe4 Be6
15. Nd2 f5 16. Qf3 Ngf6 17. O-O Nxe3 18. fxe3 Bd5 19. Qh3 O-O 20. Rae1 Rae8 21.
Bd3 Ne4 22. Bxe4 Bxe4 23. c3 Bd3 24. Rf2 a5 25. a3 b4 26. axb4 axb4 27. Nf3 Rc8
28. cxb4 Rb8 29. g4 Rxb4 30. gxf5 Bxf5 31. Qg3 Be4 32. Ref1 Ba8 33. Ng5 Rxf2
34. Rxf2 Rc4 35. Qf4 Rc1+ 36. Rf1 Rc2 37. e4 Rxb2 38. d5 Bb7 39. Ne6 h5 40. Qh6
{Normal} 1-0

[Event "Rated Blitz game"]
[Site "?"]
[Date "2021.03.22"]
[Round "?"]
[White "sina_iran"]
[Black "Jomajo"]
[Result "0-1"]
[WhiteElo "2593"]
[BlackElo "2607"]
[PlyCount "83"]
[EventDate "2021.??.??"]
[EventType "blitz"]

1. e4 e5 2. Nf3 d5 3. Nc3 d4 4. Ne2 d3 5. cxd3 Nc6 6. d4 exd4 7. d3 Nge7 8. g3
g6 9. Bg2 Bg7 10. O-O O-O 11. Nf4 Ne5 12. Nxe5 Bxe5 13. Bd2 c5 14. Rc1 Bd6 15.
Re1 Nc6 16. Nd5 Be6 17. Bh6 Re8 18. a3 a5 19. f4 Bxd5 20. exd5 Ne7 21. Qb3 Qd7
22. Bg5 a4 23. Qc2 Nf5 24. Bh3 Bf8 25. Qf2 b6 26. Bf6 Bg7 27. Bxg7 Kxg7 28. Re5
f6 29. Re4 Qxd5 30. Bg2 Qf7 31. Rce1 Ne3 32. f5 g5 33. Re6 Rab8 34. Rc6 Qd7 35.
Bf3 Re7 36. Re6 Rxe6 37. fxe6 Qxe6 38. Bg2 b5 39. h4 h6 40. hxg5 hxg5 41. Bf3
c4 42. Bg2 {Normal} 0-1

[Event "Rated Blitz game"]
[Site "?"]
[Date "2021.03.22"]
[Round "?"]
[White "neesmu"]
[Black "TheMonsterNotTheNM"]
[Result "1-0"]
[WhiteElo "2427"]
[BlackElo "2364"]
[PlyCount "59"]
[EventDate "2021.??.??"]
[EventType "blitz"]

1. e4 e5 2. Nf3 d5 3. Nxe5 Bd6 4. d4 dxe4 5. Nc3 Nf6 6. Bg5 Bf5 7. g4 Bg6 8. h4
h6 9. Nxg6 fxg6 10. Bxf6 Qxf6 11. Nxe4 Qe7 12. Qe2 Bf4 13. Nd2 Qxe2+ 14. Bxe2
O-O 15. O-O-O Bxd2+ 16. Rxd2 Nc6 17. Bd3 Rf4 18. Bxg6 Rxg4 19. h5 Rxd4 20. Rxd4
Nxd4 21. Rd1 Ne6 22. Rd7 Rf8 23. Re7 Rf6 24. b4 Nf8 25. Rxc7 Nxg6 26. hxg6 Rxf2
27. Rxb7 h5 28. Rxa7 h4 29. Ra8+ Rf8 30. Ra3 {Time forfeit} 1-0

[Event "Rated Blitz game"]
[Site "?"]
[Date "2021.03.22"]
[Round "?"]
[White "ArkadijNaiditsch"]
[Black "Jomajo"]
[Result "1-0"]
[WhiteElo "2755"]
[BlackElo "2629"]
[PlyCount "79"]
[EventDate "2021.??.??"]
[EventType "blitz"]

1. e4 e5 2. Nf3 d5 3. Nc3 d4 4. Ne2 d3 5. cxd3 Nc6 6. Nc3 Bc5 7. Be2 Nf6 8. O-O
O-O 9. a3 a5 10. b3 h6 11. Bb2 Be6 12. Rc1 Qe7 13. Nb5 Nd7 14. Nxc7 Rac8 15.
Nxe6 Qxe6 16. Re1 Qd6 17. Ra1 Rfd8 18. Qb1 Nf8 19. b4 axb4 20. axb4 Bd4 21.
Nxd4 Nxd4 22. Bg4 Rc6 23. Bc3 Nb5 24. Bb2 f6 25. Ra5 Rb6 26. d4 exd4 27. Ba1
Ng6 28. Qa2+ Kh8 29. Bf5 Ne5 30. f4 Nd3 31. Rf1 Qe7 32. Qc4 Qxb4 33. Qxb4 Nxb4
34. Rb1 Ra6 35. Rxa6 bxa6 36. Rxb4 Kg8 37. Kf2 Kf7 38. Ra4 Rd6 39. Bc8 Nc7 40.
Bxd4 {Normal} 1-0

[Event "Rated Blitz game"]
[Site "?"]
[Date "2021.03.22"]
[Round "?"]
[White "heretomakeit"]
[Black "TheMonsterNotTheNM"]
[Result "0-1"]
[WhiteElo "2415"]
[BlackElo "2359"]
[PlyCount "60"]
[EventDate "2021.??.??"]
[EventType "blitz"]

1. e4 e5 2. Nf3 d5 3. Nxe5 Bd6 4. d4 dxe4 5. Nc4 Nf6 6. Nxd6+ Qxd6 7. h3 Nc6 8.
Be3 Nd5 9. Qd2 f5 10. c4 Nxe3 11. fxe3 Nb4 12. Na3 O-O 13. O-O-O a5 14. c5 Qh6
15. Kb1 Kh8 16. Nc4 b5 17. Ne5 f4 18. exf4 Bf5 19. Ka1 e3 20. Qc3 Nc2+ 21. Kb1
Nxd4+ 22. Kc1 e2 23. Re1 Qxf4+ 24. Qd2 Qxe5 25. Bxe2 Qxc5+ 26. Kd1 Bc2+ 27. Kc1
Bd3+ 28. Kd1 Bxe2+ 29. Rxe2 Nxe2 30. Qxe2 Rad8+ {Normal} 0-1

[Event "Rated Blitz game"]
[Site "?"]
[Date "2021.03.22"]
[Round "?"]
[White "GoranPa"]
[Black "pasha1984"]
[Result "1-0"]
[WhiteElo "2416"]
[BlackElo "2392"]
[PlyCount "57"]
[EventDate "2021.??.??"]
[EventType "blitz"]

1. e4 e5 2. Nf3 d5 3. Nxe5 dxe4 4. d4 Bd6 5. Nc4 Nc6 6. Nc3 Bb4 7. Be3 Nf6 8.
a3 Bxc3+ 9. bxc3 O-O 10. Be2 Nd5 11. Qd2 Be6 12. Bg5 f6 13. Bh4 Nde7 14. Ne3 g5
15. Bg3 f5 16. d5 Nxd5 17. Nxd5 Bxd5 18. Bxc7 Qxc7 19. Qxd5+ Qf7 20. Qb5 Qg7
21. O-O Rad8 22. Rad1 Kh8 23. h3 f4 24. Bg4 Ne5 25. Qa4 Qg6 26. Qxa7 h5 27.
Rxd8 Rxd8 28. Qa5 Nxg4 29. Qxd8+ {Normal} 1-0

[Event "Rated Blitz game"]
[Site "?"]
[Date "2021.03.21"]
[Round "?"]
[White "Korkmaz16"]
[Black "CaroyinixDiscomix"]
[Result "0-1"]
[WhiteElo "2404"]
[BlackElo "2406"]
[PlyCount "38"]
[EventDate "2021.??.??"]
[EventType "blitz"]

1. e4 e5 2. Nf3 d5 3. Nxe5 dxe4 4. Bc4 Qg5 5. Nxf7 Qxg2 6. Rf1 Bg4 7. Be2 Bxe2
8. Qxe2 Kxf7 9. Qc4+ Ke8 10. Qxc7 Nd7 11. Qxb7 Rb8 12. Qc7 Ngf6 13. Nc3 Bc5 14.
d3 Rf8 15. Bf4 Rxb2 16. O-O-O Ba3 17. Kd2 Qf3 18. Rde1 Bb4 19. Bd6 Qxd3+ {
Normal} 0-1

[Event "Rated Blitz game"]
[Site "?"]
[Date "2021.03.21"]
[Round "?"]
[White "FlinkerFreddy"]
[Black "Dzon_Vejn"]
[Result "0-1"]
[WhiteElo "2446"]
[BlackElo "2517"]
[PlyCount "140"]
[EventDate "2021.??.??"]
[EventType "blitz"]

1. e4 e5 2. Nf3 d5 3. Nc3 dxe4 4. Nxe4 Nf6 5. Ng3 Nc6 6. Bc4 Bd6 7. O-O h6 8.
d3 O-O 9. Re1 Re8 10. c3 a6 11. a4 Be6 12. Bxe6 Rxe6 13. Nf5 Kh7 14. Be3 Qd7
15. Qd2 Ng8 16. d4 e4 17. N3h4 Ree8 18. g3 Bf8 19. d5 Ne5 20. Bd4 g6 21. Bxe5
Rxe5 22. Ne3 f5 23. Rad1 b6 24. f3 Rae8 25. Nc4 R5e7 26. fxe4 Rxe4 27. Nf3 Rxc4
28. Nd4 Bc5 29. Rxe8 Qxe8 30. Kg2 Bxd4 31. cxd4 Rxa4 32. Re1 Qd7 33. Re5 Ra5
34. d6 Qxd6 35. Qe3 Rxe5 36. dxe5 Qd5+ 37. Kh3 Ne7 38. e6 c5 39. b3 g5 40. Qe2
Kg6 41. Qe3 Qd4 42. Qe2 Qg4+ 43. Qxg4 fxg4+ 44. Kxg4 b5 45. Kf3 a5 46. Ke4 Kf6
47. g4 Kxe6 48. h3 a4 49. bxa4 bxa4 50. Kd3 Ke5 51. Kc4 Kf4 52. Kxc5 Ng6 53.
Kb4 Ne5 54. Kxa4 Nxg4 55. Kb3 Nf2 56. Kc2 Nxh3 57. Kd2 Kg3 58. Ke1 Kg2 59. Ke2
Nf4+ 60. Ke3 Ng6 61. Ke4 g4 62. Kf5 g3 63. Kg4 Kf2 64. Kh5 g2 65. Kxg6 g1=Q+
66. Kxh6 Qg2 67. Kh5 Kf3 68. Kh6 Kf4 69. Kh5 Kf5 70. Kh6 Qg6# {Normal} 0-1

[Event "Rated Blitz game"]
[Site "?"]
[Date "2021.03.21"]
[Round "?"]
[White "lederman"]
[Black "DarthZannah"]
[Result "1/2-1/2"]
[WhiteElo "2429"]
[BlackElo "2590"]
[PlyCount "58"]
[EventDate "2021.??.??"]
[EventType "blitz"]

1. e4 e5 2. Nf3 d5 3. exd5 e4 4. Qe2 Nf6 5. Nc3 Be7 6. Nxe4 O-O 7. d3 Qxd5 8.
Nc3 Qa5 9. Bd2 Bb4 10. Ne4 Nxe4 11. dxe4 Nc6 12. Qb5 Re8 13. Qxa5 Bxa5 14. Bd3
Bf5 15. Bxa5 Bxe4 16. O-O-O Bxf3 17. gxf3 Nxa5 18. Be4 Rad8 19. b3 b6 20. Rhe1
Kf8 21. c4 c5 22. Kc2 g6 23. Kc3 Rxd1 24. Rxd1 Ke7 25. a3 Rb8 26. Re1 Kf6 27.
Rd1 Ke7 28. Re1 Kf6 29. Rd1 Ke7 {Normal} 1/2-1/2

[Event "Rated Blitz game"]
[Site "?"]
[Date "2021.03.21"]
[Round "?"]
[White "ahlawy2"]
[Black "artsportscience"]
[Result "0-1"]
[WhiteElo "2446"]
[BlackElo "2337"]
[PlyCount "38"]
[EventDate "2021.??.??"]
[EventType "blitz"]

1. e4 e5 2. Nf3 d5 3. exd5 e4 4. Qe2 Nf6 5. Nc3 Be7 6. Nxe4 O-O 7. d3 Nxd5 8.
Qd1 Re8 9. Be2 Bf5 10. O-O c5 11. Bg5 Nc6 12. Bxe7 Qxe7 13. Ng3 Bg6 14. Re1 Qf6
15. Ne4 Qxb2 16. Nxc5 Nc3 17. Qd2 Nxe2+ 18. Kf1 Ned4 19. Nxd4 Qxd4 {Normal} 0-1

[Event "Rated Blitz game"]
[Site "?"]
[Date "2021.03.21"]
[Round "?"]
[White "Odirovski"]
[Black "anjaya01"]
[Result "0-1"]
[WhiteElo "2504"]
[BlackElo "2391"]
[PlyCount "68"]
[EventDate "2021.??.??"]
[EventType "blitz"]

1. e4 e5 2. Nf3 d5 3. exd5 Bd6 4. d4 e4 5. Ne5 Qe7 6. Nc4 f5 7. Nxd6+ cxd6 8.
c4 Nf6 9. Nc3 a6 10. Qa4+ Nbd7 11. h4 O-O 12. h5 b5 13. cxb5 Nb6 14. Qb3 a5 15.
a4 h6 16. Bf4 Bb7 17. Qa3 Rad8 18. Be2 Nbxd5 19. Nxd5 Nxd5 20. Qg3 Qf6 21. Rd1
Rf7 22. Bc4 Rc7 23. b3 Kh8 24. O-O Nb6 25. Be2 Rc2 26. Rfe1 Nd5 27. Bc4 Rc3 28.
Qh2 Nb4 29. Re3 Rc2 30. Rg3 e3 31. Rxe3 Be4 32. Rg3 d5 33. Be5 Qxe5 34. dxe5 f4
{Time forfeit} 0-1

[Event "Rated Blitz game"]
[Site "?"]
[Date "2021.03.21"]
[Round "?"]
[White "DESERT1958"]
[Black "Delyvj"]
[Result "1-0"]
[WhiteElo "2490"]
[BlackElo "2288"]
[PlyCount "47"]
[EventDate "2021.??.??"]
[EventType "blitz"]

1. e4 e5 2. Nf3 d5 3. exd5 e4 4. Qe2 f5 5. d3 Qxd5 6. dxe4 fxe4 7. Nc3 Bb4 8.
Bd2 Bxc3 9. Bxc3 Ne7 10. Ne5 Bf5 11. Rd1 Qe6 12. g4 Bg6 13. Qb5+ Nbc6 14. Qxb7
Rb8 15. Qxc7 Rc8 16. Bc4 Nxe5 17. Rd8+ Rxd8 18. Bxe6 Nf3+ 19. Ke2 Rf8 20. Rd1
Rxd1 21. Kxd1 Rf6 22. Qb8+ Nc8 23. Qxc8+ Ke7 24. Bb4# {Normal} 1-0

[Event "Rated Blitz tournament ZMHLyiSU"]
[Site "?"]
[Date "2021.03.21"]
[Round "?"]
[White "boX64"]
[Black "Jenlen3001"]
[Result "0-1"]
[WhiteElo "2353"]
[BlackElo "2582"]
[PlyCount "74"]
[EventDate "2021.??.??"]
[EventType "blitz"]

1. e4 e5 2. Nf3 d5 3. exd5 e4 4. Qe2 Nf6 5. d3 Qxd5 6. Nbd2 Bb4 7. c3 Be7 8.
dxe4 Qd8 9. e5 Nd5 10. Ne4 O-O 11. Bd2 Nc6 12. O-O-O Be6 13. Nfg5 h6 14. Nxe6
fxe6 15. f4 Qe8 16. g3 b5 17. Bh3 Nd8 18. Bg4 b4 19. c4 Nb6 20. Be3 Qc6 21. Nd2
Qa4 22. Kb1 b3 23. a3 Bxa3 24. bxa3 Qxa3 25. Ne4 Na4 26. Bc1 b2 27. Bxb2 Rb8
28. Rd2 Nc6 29. Bxe6+ Kh8 30. c5 Nd4 31. Qf2 Nxe6 32. Rc1 Nxb2 33. Rxb2 Qd3+
34. Qc2 Rxb2+ 35. Kxb2 Rb8+ 36. Ka1 Qa3+ 37. Qa2 Qxc1+ {Normal} 0-1

[Event "Rated Blitz tournament RXSUcE5q"]
[Site "?"]
[Date "2021.03.21"]
[Round "?"]
[White "Hans_im_Glueck"]
[Black "Schachelite"]
[Result "1-0"]
[WhiteElo "2459"]
[BlackElo "2403"]
[PlyCount "141"]
[EventDate "2021.??.??"]
[EventType "blitz"]

1. e4 e5 2. Nf3 d5 3. exd5 e4 4. Qe2 Nf6 5. Nc3 Be7 6. Nxe4 O-O 7. Nxf6+ Bxf6
8. d4 Qxd5 9. Be3 Bg4 10. h3 Bxf3 11. Qxf3 Qa5+ 12. c3 Nc6 13. Bd3 Bxd4 14. O-O
Bxe3 15. Qxe3 Rfe8 16. Qg3 Qe5 17. Qxe5 Nxe5 18. Be4 c6 19. Rfe1 Kf8 20. b3
Rad8 21. f4 Nd3 22. Bxd3 Rxd3 23. c4 Rxe1+ 24. Rxe1 Rd2 25. a4 Rd3 26. Rb1 Ke7
27. Kf2 Kd6 28. Ke2 Rg3 29. Kf2 Rc3 30. Rd1+ Ke6 31. Re1+ Kf6 32. Rb1 a5 33.
Ke2 Kf5 34. Rd1 Rxb3 35. Rd7 Ke6 36. Rc7 Rb4 37. Kd3 h5 38. g4 Rb3+ 39. Kd4
Rxh3 40. gxh5 Rb3 41. Kc5 Rb4 42. Kd4 Kf6 43. Kc5 Rb1 44. Rd7 Rb4 45. Rc7 Rb1
46. Rd7 Rb2 47. Rc7 Ke6 48. Kd4 Rb4 49. Kc5 g6 50. h6 Kf6 51. h7 Kg7 52. Rxf7+
Kh8 53. Rc7 Rb1 54. Kd6 b5 55. axb5 cxb5 56. c5 a4 57. Ra7 Rd1+ 58. Ke6 Rc1 59.
Kd6 Rd1+ 60. Kc6 Rb1 61. Kb6 Rb4 62. c6 Rxf4 63. c7 Rc4 64. Kxb5 Rc1 65. Ra8+
Kxh7 66. c8=Q Rxc8 67. Rxc8 a3 68. Ra8 g5 69. Kc4 Kg6 70. Kd3 Kf5 71. Ke3 {
Normal} 1-0

[Event "Rated Blitz game"]
[Site "?"]
[Date "2021.03.21"]
[Round "?"]
[White "Misi_95"]
[Black "Erow"]
[Result "1-0"]
[WhiteElo "2751"]
[BlackElo "2706"]
[PlyCount "67"]
[EventDate "2021.??.??"]
[EventType "blitz"]

1. e4 e5 2. Nf3 d5 3. d4 dxe4 4. Nxe5 Bd6 5. Nc3 Bxe5 6. dxe5 Qxd1+ 7. Nxd1 Nc6
8. Bb5 Nge7 9. Nc3 Bf5 10. Bg5 a6 11. Bxc6+ Nxc6 12. O-O-O Nxe5 13. Nd5 f6 14.
Nxc7+ Kf7 15. Nxa8 fxg5 16. Rd5 Kf6 17. Nb6 Be6 18. Rd6 Nf7 19. Rd4 Bf5 20. Re1
Re8 21. c3 Ne5 22. Kd2 Re6 23. Nd5+ Kf7 24. Ne3 Bg6 25. Nc4 Nxc4+ 26. Rxc4 Rb6
27. b3 Rd6+ 28. Rd4 Rb6 29. Ke3 Kf6 30. Red1 Ke7 31. Rd7+ Kf8 32. R1d6 Rb5 33.
Rc7 Be8 34. Rd8 {Normal} 1-0

[Event "Rated Blitz tournament oYcyGYjo"]
[Site "?"]
[Date "2021.03.21"]
[Round "?"]
[White "cabezauro"]
[Black "geptil"]
[Result "0-1"]
[WhiteElo "2275"]
[BlackElo "2403"]
[PlyCount "31"]
[EventDate "2021.??.??"]
[EventType "blitz"]

1. e4 e5 2. Nf3 d5 3. exd5 e4 4. Qe2 Nf6 5. Nc3 Be7 6. Nd4 O-O 7. Nxe4 Qxd5 8.
Nxf6+ Bxf6 9. Nb3 a5 10. d3 a4 11. Nd2 a3 12. Nc4 b5 13. Nxa3 Rxa3 14. bxa3
Bxa1 15. Qe4 Bc3+ 16. Kd1 {Normal} 0-1

[Event "Rated Blitz tournament oYcyGYjo"]
[Site "?"]
[Date "2021.03.21"]
[Round "?"]
[White "CROW03"]
[Black "Peanutbutter12345"]
[Result "0-1"]
[WhiteElo "2616"]
[BlackElo "2273"]
[PlyCount "134"]
[EventDate "2021.??.??"]
[EventType "blitz"]

1. e4 e5 2. Nf3 d5 3. exd5 e4 4. Qe2 Nf6 5. Nc3 Bb4 6. Nxe4 O-O 7. Nxf6+ gxf6
8. Qd1 Re8+ 9. Be2 Qe7 10. c3 Bd6 11. d4 Bg4 12. Be3 f5 13. h3 Bh5 14. Qd2 Nd7
15. O-O-O f4 16. g4 fxe3 17. fxe3 Bg6 18. Bd3 Qxe3 19. Qxe3 Rxe3 20. Bxg6 hxg6
21. Nd2 Bf4 22. Kb1 Nb6 23. Nb3 Nxd5 24. Nc5 b6 25. Nd3 g5 26. h4 f6 27. hxg5
fxg5 28. Rh5 Rxd3 29. Rxd3 Re8 30. Rdh3 Re1+ 31. Kc2 Ne3+ 32. Kb3 Nxg4 33. Rh7
Nf6 34. Rh8+ Kg7 35. Ra8 a5 36. Rf3 Bd6 37. c4 g4 38. Rf2 g3 39. Rg2 Ne4 40.
Ra7 Re3+ 41. Ka4 Rf3 42. Kb5 Rf2 43. Rg1 Rxb2+ 44. Kc6 Rc2 45. Kd5 Nc3+ 46. Kc6
Ne2 47. Rg2 Nxd4+ 48. Kd5 Rxg2 49. Kxd4 Rd2+ 50. Ke3 g2 51. Kxd2 g1=Q 52. Kd3
Qc5 53. Kc3 b5 54. Kd3 Qxc4+ 55. Ke3 Qc5+ 56. Kf3 Qxa7 57. Kg4 Qc5 58. Kh4 Qe5
59. Kg4 Bf8 60. Kh4 c5 61. Kg4 c4 62. Kh4 c3 63. Kg4 c2 64. Kh4 c1=Q 65. Kg4
Qcf4+ 66. Kh3 Qh5+ 67. Kg2 Qhh2# {Normal} 0-1

[Event "Rated Blitz tournament oYcyGYjo"]
[Site "?"]
[Date "2021.03.21"]
[Round "?"]
[White "KLYBERN"]
[Black "geptil"]
[Result "1-0"]
[WhiteElo "2408"]
[BlackElo "2437"]
[PlyCount "53"]
[EventDate "2021.??.??"]
[EventType "blitz"]

1. e4 e5 2. Nf3 d5 3. exd5 e4 4. Qe2 Nf6 5. d3 Qxd5 6. Nc3 Bb4 7. Bd2 Bxc3 8.
Bxc3 O-O 9. dxe4 Nxe4 10. Rd1 Qf5 11. Bd4 Re8 12. Be3 Nc6 13. Qb5 Qg6 14. g3 a6
15. Qb3 Be6 16. Qxb7 Bg4 17. Be2 Rab8 18. Qxc7 Rbc8 19. Qf4 Nf6 20. Nh4 Qh5 21.
Bxg4 Nxg4 22. O-O Nce5 23. h3 Nf6 24. Qf5 Qe2 25. Rd2 Qc4 26. Rfd1 Qxa2 27.
Qxc8 {Normal} 1-0

[Event "Rated Blitz game"]
[Site "?"]
[Date "2021.03.21"]
[Round "?"]
[White "quicksilver2"]
[Black "GambitOrNoBalls"]
[Result "1-0"]
[WhiteElo "2422"]
[BlackElo "2428"]
[PlyCount "49"]
[EventDate "2021.??.??"]
[EventType "blitz"]

1. e4 e5 2. Nf3 d5 3. Nxe5 Bd6 4. d4 dxe4 5. Nc4 Nf6 6. Nxd6+ Qxd6 7. h3 O-O 8.
Be3 Nd5 9. Qd2 Nxe3 10. Qxe3 f5 11. Nc3 Nc6 12. O-O-O f4 13. Qxe4 Bf5 14. Qd5+
Kh8 15. Qxd6 cxd6 16. Bb5 Nb4 17. Ba4 Rac8 18. a3 Rxc3 19. bxc3 Nd5 20. Kb2 Nf6
21. Rhe1 Rc8 22. Bb3 Ne4 23. Rxe4 Bxe4 24. f3 Bc6 25. Re1 {Normal} 1-0

[Event "Rated Blitz tournament w7D6Xobd"]
[Site "?"]
[Date "2021.03.21"]
[Round "?"]
[White "Graf_Cagliostro"]
[Black "Lorian2514"]
[Result "1-0"]
[WhiteElo "2279"]
[BlackElo "2431"]
[PlyCount "53"]
[EventDate "2021.??.??"]
[EventType "blitz"]

1. e4 e5 2. Nf3 d5 3. exd5 e4 4. Qe2 Qe7 5. Nd4 f5 6. d3 Nf6 7. dxe4 fxe4 8. c4
Bg4 9. Qe3 Na6 10. Be2 h6 11. O-O Bd7 12. Nc3 c5 13. dxc6 bxc6 14. f3 exf3 15.
Qxe7+ Bxe7 16. Bxf3 Rc8 17. Re1 Kf7 18. Bf4 Rhe8 19. Rad1 Bc5 20. Rxe8 Rxe8 21.
Kf1 Nb8 22. Na4 Bf8 23. Bxb8 Rxb8 24. Nxc6 Rc8 25. Ne5+ Ke6 26. Nxd7 Nxd7 27.
Bg4+ {Normal} 1-0

[Event "Rated Blitz tournament w7D6Xobd"]
[Site "?"]
[Date "2021.03.21"]
[Round "?"]
[White "SpeedMaster2021"]
[Black "Lorian2514"]
[Result "0-1"]
[WhiteElo "2315"]
[BlackElo "2412"]
[PlyCount "24"]
[EventDate "2021.??.??"]
[EventType "blitz"]

1. e4 e5 2. Nf3 d5 3. Nxe5 Bd6 4. d4 dxe4 5. Bc4 Bxe5 6. dxe5 Qxd1+ 7. Kxd1 Nc6
8. Bf4 Nge7 9. Nc3 Ng6 10. Bg3 Ncxe5 11. Bb3 f5 12. Ke2 f4 {Normal} 0-1

[Event "Rated Blitz game"]
[Site "?"]
[Date "2021.03.21"]
[Round "?"]
[White "Parogu"]
[Black "artsportscience"]
[Result "1-0"]
[WhiteElo "2404"]
[BlackElo "2366"]
[PlyCount "79"]
[EventDate "2021.??.??"]
[EventType "blitz"]

1. e4 e5 2. Nf3 d5 3. exd5 e4 4. Ne5 Qxd5 5. d4 exd3 6. Nxd3 Nf6 7. Nc3 Qe6+ 8.
Qe2 Bd6 9. Bg5 Nbd7 10. O-O-O Qxe2 11. Bxe2 O-O 12. Nb5 a6 13. Nxd6 cxd6 14.
Bf3 Ne5 15. Nxe5 dxe5 16. Bxf6 gxf6 17. Rd6 Kg7 18. Rhd1 Rb8 19. Rd8 Bf5 20.
Rxf8 Kxf8 21. g4 Be6 22. b3 Ke7 23. h3 b5 24. Be4 h6 25. f3 a5 26. a3 b4 27.
axb4 axb4 28. Kb2 Rd8 29. Rxd8 Kxd8 30. c3 bxc3+ 31. Kxc3 Kc7 32. h4 Kb6 33.
Kb4 Bd7 34. Bd5 Be6 35. Kc4 f5 36. Bxe6 fxe6 37. gxf5 exf5 38. Kd5 e4 39. fxe4
f4 40. Kd4 {Normal} 1-0